Elaboration of the Marketing Communication of the Middle-Sized Company

Hlavným cieľom tohto príspevku bolo vypracovanie súčasnej marketingovej stratégie stredne veľkej firmy na Slovensku, ktorá vyrába a predáva živočíšne produkty, so zameraním predovšetkým na online marketingovú komunikáciu ako kľúčovú súčasť celkovej marketingovej komunikácie spoločnosti. Na účely toh...

Description complète

Enregistré dans:
Détails bibliographiques
Auteur principal: Husárová, Patrícia
Autres auteurs: Benďáková, Viktória, Čeryová, Dominika
Format: Chapitre de livre
Langue:anglais
Sujets:
Tags: Ajouter un tag
Pas de tags, Soyez le premier à ajouter un tag!

MARC

LEADER 00000naa a2200000 4500
001 0291003
005 20230209131745.8
041 0 |a eng 
044 |a SK 
245 1 0 |a Elaboration of the Marketing Communication of the Middle-Sized Company  |c Patrícia Husárová, Viktória Benďáková, Dominika Čeryová 
520 |a Hlavným cieľom tohto príspevku bolo vypracovanie súčasnej marketingovej stratégie stredne veľkej firmy na Slovensku, ktorá vyrába a predáva živočíšne produkty, so zameraním predovšetkým na online marketingovú komunikáciu ako kľúčovú súčasť celkovej marketingovej komunikácie spoločnosti. Na účely tohto výskumu boli použité údaje z dotazníkového prieskumu, ktorého sa vo februári 2021 zúčastnilo takmer 500 respondentov. 
610 2 0 |a stratégia marketingová 
610 2 0 |a komunikácia marketingová 
610 2 0 |a marketing elektronický 
610 2 0 |a podnik stredný 
610 2 0 |a Slovensko 
100 1 |a Husárová, Patrícia 
700 1 |a Benďáková, Viktória 
700 1 |a Čeryová, Dominika